00325pab a2200121 454500008004000000100002000040245005400060260000900114300001300123362001100136650002200147773003400169180718b2014 xxu||||| |||| 00| 0 eng d aJaising, Indira aConcern for the dead, condemnation for the living c2014 ap.34-38. a26 Jul aDomestic violence aEconomic and Political Weekly